000 00633nam a2200205 a 4500
005 20230829063539.0
008 051125s1998 mx r 000 0 spa d
020 _a8477385874
035 _aUPN01000141275
049 _aCG
050 4 _aTR222
_bT6.7
100 1 _aTorán, Enrique
245 1 0 _aTecnología audiovisual II :
_bparámetros audiovisuales /
_cEnrique Torán.
260 _aMadrid :
_bSíntesis,
_c1998.
300 _a224 p. :
_bil.
440 0 _aComunicación audiovisual ;
_v3.
_pCiencias de la información
650 4 _aIMAGENES FOTOGRAFICAS
_95037
650 2 _aComunicación audiovisual
_911452
905 _aLibro
999 _c113422
_d113422